British Fast Food Chains - Statistics

General Stats
  • This quiz has been taken 161 times
  • The average score is 10 of 16
Answer Stats
Hint Answer % Correct
Burger Mcdonalds
90%
Coffee Starbucks
90%
Chicken KFC
89%
Pizza Pizza Hut
89%
Coffee Costa
86%
Pizza Dominos
83%
Sandwich Subway
76%
Burger Burger King
75%
Pasties & Sandwiches Greggs
67%
Pizza Papa Johns
63%
Chicken Nandos
60%
Mexican Taco Bell
53%
Japanese Wagamama
51%
Sandwiches & Coffee Pret A Manger
39%
Burger & Chicken Five Guys
28%
Chicken Morley's
10%
No matching quizzes found
Score Distribution
Percent of People with Each Score
Percentile by Number Answered
Your Score History
You have not taken this quiz